Projekt certifikácie profesie účtovník v Slovenskej republike

Podrobná bibliografia
Médium: Kniha
Jazyk:slovenčina
PhysicalDescription:36 s. fareb. fotogr., sch., tab. 30 cm
Vydavateľské údaje: Bratislava Súvaha c2003
ISBN:8088727723
Vydanie:[1. vyd.]
Predmet:

MARC

LEADER 00000nam a2200000 a 4500
001 vtls001470888
003 SK-MaSNL
005 20260301122014.0
008 171215s2003 xo a 0 slo
015 |a SNBA2004/10-05919 
020 |a 8088727723 
035 |a SNK000426192 
035 |a urn:nbn:sk:snk-amtidi 
035 |a urn:nbn:sk:snk-am00c533 
035 |a EC5C2493-7657-4BA7-AF4C-4EAD3DE91832 
040 |a SNK  |b slo  |c SNK  |e AACR2 
041 0 |a slo 
044 |a xo  |c SK 
072 7 |a 657  |2 konspekt 
080 |a 657:006.063  |2 2. slo 
080 |a 006.063  |2 2. slo 
080 |a 657  |2 1981 
080 |a 006.063  |2 1981 
080 |a (041)  |2 1981 
245 0 |a Projekt certifikácie profesie účtovník v Slovenskej republike 
250 |a [1. vyd.] 
260 |a Bratislava  |b Súvaha  |c c2003 
300 |a 36 s.  |b fareb. fotogr., sch., tab.  |c 30 cm 
500 |a Názov z obalu 
500 |a Vydané pre Slovenskú komoru certifikovaných účtovníkov 
650 0 7 |a účtovníctvo  |x certifikácia  |2 SNK  |9 466938 
650 0 7 |a účtovníctvo  |2 SNK  |9 649 
650 0 7 |a certifikácia  |2 SNK  |9 4427 
655 7 |a príručky  |2 SNK  |9 74364 
655 7 |a brožúry  |2 SNK  |9 70146 
710 0 |a Slovenská komora certifikovaných účtovníkov  |4 pbl  |9 35634 
919 |a 80-88727-72-3 
968 |d 65 
999 |c 731313  |d 733243 
952 |t P60, <03>, [BOOK], {603}  |a SNK  |b SNK  |y PREZ  |7 0  |p 17A0420002  |o snkSB 68216  |i snkKSP 3855/2004  |0 0  |1 0  |4 0  |d 2004-03-15  |f 1  |l 0  |r 2025-04-22 00:00:00  |w 2026-02-23 
952 |t P60, <04>, [BOOK], {604}  |a SNK  |b SNK  |y VYP  |7 0  |p 17A0420003  |o snkSB 68216 D1  |i snkKSP 3856/2004  |0 0  |1 0  |4 0  |d 2004-03-15  |l 0  |r 2005-01-02 00:00:00  |w 2026-02-23